00453nam a2200145 a 450000100100000000500170001000800410002702000150006804000250008308200160010810000400012424500300016426000950019430000180028900003692720200930080027.0120206s1978 pr 000 0 spa d a8449901448 aDO-SdBNPbspacBNPHU axxxxbF825c1 aFranco Oppenheimer, Félix,d1912-10aContornos :b(ensayos) 2. aSan Juan, Puerto Rico :bpublicaciones del Instituto de Literatura Puertoriqueña,c1978. a324 ;c20 cm.